|
|
|
|
| LEADER |
03231nam a22005655i 4500 |
| 001 |
978-3-540-30225-4 |
| 003 |
DE-He213 |
| 005 |
20151204183720.0 |
| 007 |
cr nn 008mamaa |
| 008 |
100312s2005 gw | s |||| 0|eng d |
| 020 |
|
|
|a 9783540302254
|9 978-3-540-30225-4
|
| 024 |
7 |
|
|a 10.1007/b105309
|2 doi
|
| 040 |
|
|
|d GrThAP
|
| 050 |
|
4 |
|a TK5105.5-5105.9
|
| 072 |
|
7 |
|a UKN
|2 bicssc
|
| 072 |
|
7 |
|a COM075000
|2 bisacsh
|
| 082 |
0 |
4 |
|a 004.6
|2 23
|
| 245 |
1 |
0 |
|a Service Availability
|h [electronic resource] :
|b First International Service Availability Symposium, ISAS 2004, Munich, Germany, May 13-14, 2004, Revised Selected Papers /
|c edited by Miroslaw Malek, Manfred Reitenspieß, Jörg Kaiser.
|
| 264 |
|
1 |
|a Berlin, Heidelberg :
|b Springer Berlin Heidelberg,
|c 2005.
|
| 300 |
|
|
|a X, 218 p.
|b online resource.
|
| 336 |
|
|
|a text
|b txt
|2 rdacontent
|
| 337 |
|
|
|a computer
|b c
|2 rdamedia
|
| 338 |
|
|
|a online resource
|b cr
|2 rdacarrier
|
| 347 |
|
|
|a text file
|b PDF
|2 rda
|
| 490 |
1 |
|
|a Lecture Notes in Computer Science,
|x 0302-9743 ;
|v 3335
|
| 505 |
0 |
|
|a ISAS 2004 -- Architecture of Highly Available Databases -- Data Persistence in Telecom Switches -- Distributed Redundancy or Cluster Solution? An Experimental Evaluation of Two Approaches for Dependable Mobile Internet Services -- OpenHPI: An Open Source Reference Implementation of the SA Forum Hardware Platform Interface -- Quality of Service Control by Middleware -- Benefit Evaluation of High-Availability Middleware -- A Measurement Study of the Interplay Between Application Level Restart and Transport Protocol -- Service-Level Management of Adaptive Distributed Network Applications -- A Methodology on MPLS VPN Service Management with Resilience Constraints -- Highly Available Location-Based Services in Mobile Environments -- On Enhancing the Robustness of Commercial Operating Systems -- A Modular Approach for Model-Based Dependability Evaluation of a Class of Systems -- Rolling Upgrades for Continuous Services -- First Experience of Conformance Testing an Application Interface Specification Implementation -- On the Use of the SA Forum Checkpoint and AMF Services.
|
| 650 |
|
0 |
|a Computer science.
|
| 650 |
|
0 |
|a Computer communication systems.
|
| 650 |
|
0 |
|a Software engineering.
|
| 650 |
|
0 |
|a Information storage and retrieval.
|
| 650 |
|
0 |
|a Management information systems.
|
| 650 |
|
0 |
|a Electrical engineering.
|
| 650 |
1 |
4 |
|a Computer Science.
|
| 650 |
2 |
4 |
|a Computer Communication Networks.
|
| 650 |
2 |
4 |
|a Information Systems Applications (incl. Internet).
|
| 650 |
2 |
4 |
|a Information Storage and Retrieval.
|
| 650 |
2 |
4 |
|a Software Engineering.
|
| 650 |
2 |
4 |
|a Management of Computing and Information Systems.
|
| 650 |
2 |
4 |
|a Communications Engineering, Networks.
|
| 700 |
1 |
|
|a Malek, Miroslaw.
|e editor.
|
| 700 |
1 |
|
|a Reitenspieß, Manfred.
|e editor.
|
| 700 |
1 |
|
|a Kaiser, Jörg.
|e editor.
|
| 710 |
2 |
|
|a SpringerLink (Online service)
|
| 773 |
0 |
|
|t Springer eBooks
|
| 776 |
0 |
8 |
|i Printed edition:
|z 9783540244202
|
| 830 |
|
0 |
|a Lecture Notes in Computer Science,
|x 0302-9743 ;
|v 3335
|
| 856 |
4 |
0 |
|u http://dx.doi.org/10.1007/b105309
|z Full Text via HEAL-Link
|
| 912 |
|
|
|a ZDB-2-SCS
|
| 912 |
|
|
|a ZDB-2-LNC
|
| 950 |
|
|
|a Computer Science (Springer-11645)
|